| 000 | 02121cam a22003614a 4500 | ||
|---|---|---|---|
| 001 | 15994615 | ||
| 003 | OSt | ||
| 005 | 20161011190328.0 | ||
| 008 | 091120s2010 nyua b 001 0 eng | ||
| 010 | _a 2009047866 | ||
| 015 |
_aGBB066154 _2bnb |
||
| 016 | 7 |
_a101519832 _2DNLM |
|
| 016 | 7 |
_a015563375 _2Uk |
|
| 020 | _a9780071622400 | ||
| 020 | _a0071622403 | ||
| 035 | _a(OCoLC)ocn466354546 | ||
| 040 |
_aDNLM/DLC _cDLC _dBTCTA _dNLM _dYDXCP _dUKM _dC#P _dDLC |
||
| 042 | _apcc | ||
| 050 | 0 | 0 |
_aRA1211 _b.C298 2010 |
| 060 | 1 | 0 |
_aQV 600 _bC3349 2010 |
| 082 | 0 | 0 |
_aQV 600 C334c 2010 _222 |
| 100 |
_aEditors, Curtis D. Klaassen, John B. Watkins III. _911178 |
||
| 245 | 0 | 0 | _aCasarett & Doull's Essentials of Toxicology |
| 250 | _a2nd ed. | ||
| 260 |
_aNew York : _bMcGraw-Hill Medical, _cc2010. |
||
| 300 |
_axi, 459 p. : _bcol. ill. ; _c28 cm. |
||
| 504 | _aIncludes bibliographical references and index. | ||
| 520 | _a"We are delighted to present an updated full color, edition of Essentials of Toxicology, which distills the major principles and concepts of toxicology that were described in detail in the seventh edition of Casarett and Doull's Toxicology: The Basic Science of Poisons. We are grateful to the colleagues who contributed to the seventh edition of Casarett and Doull's Toxicology: The Basic Science of Poisons; their contributions to the parent text served as the foundation for the chapters in this edition of Essentials of Toxicology. Essentials of Toxicology concisely presents the broad science of toxicology. Important concepts from anatomy, physiology and biochemistry have been included to facilitate the understanding of the principles and mechanisms of toxicant action on specific organ systems. It is hoped that the book will be useful to students in undergraduate and graduate courses in toxicology, as well as students from other disciplines, who want to have a strong foundation in toxicologic concepts and principles"--Provided by publisher. | ||
| 650 | 0 |
_aToxicology _92500 |
|
| 650 | 1 | 2 |
_aPharmacy _92501 |
| 906 |
_a7 _bcbc _corignew _d1 _eecip _f20 _gy-gencatlg |
||
| 942 |
_2z _cSLOAN |
||
| 999 |
_c927 _d927 |
||